| 000 | 00558nam a22001817a 4500 | ||
|---|---|---|---|
| 999 |
_c192509 _d192509 |
||
| 005 | 20220926120113.0 | ||
| 010 | _aENG-135209 | ||
| 020 |
_c950.00 _a9789384782061 |
||
| 035 | _aEN-118741 | ||
| 037 | _bDBAD/PUB | ||
| 082 | _2363.5 | ||
| 100 | _aRazia Parvez | ||
| 245 |
_aAdvanced Housing/ _cby Razia Parvez |
||
| 260 |
_aDelhi _bDisha International Publishing House _c2015 |
||
| 270 |
_bDelhi _aF-7,Gali No.1,Ist Floor,Panchsheel garden Ext.Naveen Shahdara, _e110032 |
||
| 300 |
_axvii,260p. _c22cm(Hb) |
||
| 942 |
_2ddc _cEN _h363.5 _mRAZ |
||